Logo BPK

Biblioteka

Politechniki Koszalińskiej

Ekonomika i organizacja budownictwa drogowego / (Rekord nr 17741)

Szczegóły MARC
000 -ETYKIETA REKORDU
podpole kontrolne o stałej długości 00426nam a2200157 i 4500
001 - NUMER KONTROLNY REKORDU
pole kontrolne bg
040 ## - ŹRÓDŁO KATALOGOWANIA
Instytucja, która utworzyła rekord BPK
041 ## - KOD JĘZYKA
Kod języka tekstu pol
080 ## - UNIWERSALNA KLASYFIKACJA DZIESIĘTNA - UKD
UKD 658:625.7
008 - POLE O STAŁEJ DŁUGOŚCI - DANE KONTROLNE
podpole kontrolne o stałej długości s pl f |000 0 pol
100 1# - NAZWA OSOBOWA
Nazwa osobowa CYUNEL, Bogdan
245 #0 - TYTUŁ/ODPOWIEDZIALNOŚĆ
Tytuł Ekonomika i organizacja budownictwa drogowego /
Pozostałe elementy strefy tytułu i oznaczenia odpowiedzialności Bogdan Cyunel, Halina Banach-Paszkiewicz. Cz.1.
260 ## - STREFA ADRESU WYDAWNICZEGO
Miejsce wydania Kielce,
Data publikacji, dystrybucji/powstania dokumentu 1977.
700 1# - HASŁO DODATKOWE - NAZWA OSOBOWA
Nazwa osobowa BANACH-PASZKIEWICZ, Halina
856 ## - LOKALIZACJA I DOSTĘP DO ELEKTRONICZNYCH DOKUMENTÓW ZDALNYCH
Link (URL) http://koha.tu.koszalin.pl/cgi-bin/koha/opac-detail.pl?biblionumber=17741
Tekst linku Katalog online BPK
942 ## - DODATKOWE ELEMENTY (KOHA)
Typ dokumentu Książka
Egzemplarze
Wycofany Status egzemplarza Uszkodzony Dostępność Lokalizacja stała Lokalizacja bieżąca Miejsce przechowywania Sygnatura Kod kreskowy Typ dokumentu
      Dostępny Biblioteka Politechniki Koszalińskiej Biblioteka Politechniki Koszalińskiej Wypożyczalnia BG 23317 01687392 Książka
© 2023 Biblioteka Politechniki Koszalińskiej :: KOHA